00424 2200157 4500001002100000005001500021020001800036035002000054082000800074084001400082100001700096245007000113260004500183300002600228990001200254INLIS00000000000185920250515092825 a979-605-145-1 a0010-0525000151 a300 a300 ACH w0 aAchmad Turan1 aWaspadalah Terhadap Ancaman Teroris Dan Teror Bom /cAchmad Turan aJakarta :bCV. Amalia Bhakti Jaya,c2002 a230 hlm ;c16 x 23 cm a0754821